| 000 | 00614nam a22002177a 4500 | ||
|---|---|---|---|
| 003 | OSt | ||
| 005 | 20160928150112.0 | ||
| 008 | 160928b xxu||||| |||| 00| 0 eng d | ||
| 020 | _a9781292039053 | ||
| 040 | _cDDC | ||
| 082 | _a511.35 MOT 2014 | ||
| 100 |
_aMotwani, Hopcroft Ullman _911116 |
||
| 245 | _aIntroduction to Automata Theory, language and Computation | ||
| 250 | _a3rd ed. | ||
| 260 | _aEdinburgh; Pearson Edducation, 2014 | ||
| 300 | _a488p; ill: 28cm | ||
| 504 | _aReferences, & index included | ||
| 650 |
_aAutomata -mathematics _911117 |
||
| 650 |
_aComputation _911118 |
||
| 942 |
_2z _cB_BANK |
||
| 999 |
_c5289 _d5289 |
||